| 000 | 005240000a22001930004500 | ||
|---|---|---|---|
| 001 | 003506 | ||
| 003 | MACL | ||
| 005 | 20150929131028.0 | ||
| 008 | 150929b xxu||||| |||| 00| 0 eng d | ||
| 040 |
_aMACL _cMACL |
||
| 041 | _aEnglish | ||
| 082 | _a720/BHO | ||
| 100 |
_aDwivedi, Dr. Bhojraj _912710 |
||
| 245 |
_aRenedial Vaastushastra _bVaastu Without Breaking of Structure _cDr. Bhojraj Dwivedi |
||
| 260 |
_aDelhi _c2006 _bDiamond Publications, |
||
| 350 | _a400 | ||
| 650 |
_aArchitecture _9259 |
||
| 942 |
_k720 _cBK _2ddc |
||
| 999 |
_c15406 _d15406 |
||